Musalmaan Sciencedaan Awr Unki Khidmaat (Record no. 11191)

MARC details
000 -LEADER
fixed length control field 00621nam a2200241 a 4500
020 ## - INTERNATIONAL STANDARD BOOK NUMBER
ISBN
082 00 - DEWEY DECIMAL CLASSIFICATION NUMBER
Classification number 500.80297
Author Cutter NAD
100 ## - MAIN ENTRY--AUTHOR NAME
Author name Nadvi, Ibrahim Imadi
245 ## - TITLE STATEMENT
Title Musalmaan Sciencedaan Awr Unki Khidmaat
260 ## - PUBLICATION, DISTRIBUTION, ETC. (IMPRINT)
Place of publication Delhi
Name of publisher Maktaba Alhasnat
Year of publication 1989
300 ## - PHYSICAL DESCRIPTION
Number of Pages 256p
500 ## - GENERAL NOTE
General note includes index and biblioraphy
505 2# - FORMATTED CONTENTS NOTE
Formatted contents note Appendix, References, Index
650 ## - SUBJECT ADDED ENTRY--TOPICAL TERM
Topical Term Quran and Science
942 ## - ADDED ENTRY ELEMENTS (KOHA)
Koha item type Books
700 1# -
-- Nadvi, Ibrahim Imadi
Holdings
Collection code Home library Current library Date acquired Cost, normal purchase price Full call number Accession Number Koha item type
  Henry Martyn Institute Library Henry Martyn Institute Library 06/11/2007 50.00 500.80297 NAD 016150 Books
                   Copyright © 2026 | Henry Martyn Institute | Hyderabad | TS-500052 | INDIA | Implemented by hmi.edu.in
Hit-Count:

Powered by Koha